Stone cold / (Record no. 16028)

MARC details
000 -LEADER
fixed length control field 01659nam a2200277 a 4500
005 - DATE AND TIME OF LATEST TRANSACTION
control field 20080610095639.0
008 - FIXED-LENGTH DATA ELEMENTS--GENERAL INFORMATION
fixed length control field 080528s2007 enka 001 0deng
010 ## - LCCN (DPL NO)
LC control number B-269616-620, B-284181
020 ## - INTERNATIONAL STANDARD BOOK NUMBER
International Standard Book Number 9780230017795
Terms of availability £ 5.99 (503.00), £2.99 266.10
035 ## - SYSTEM CONTROL NUMBER
System control number B-269616-620, B-284181
040 ## - CATALOGING SOURCE
Original cataloging agency dpl
Language of cataloging English
082 ## - DEWEY DECIMAL CLASSIFICATION NUMBER
Classification number N
100 ## - MAIN ENTRY--PERSONAL NAME
Personal name Baldacci, David
240 ## - UNIFORM TITLE
Uniform title <a href="Öteki renkler.">Öteki renkler.</a>
Language of a work English
245 ## - TITLE STATEMENT
Title Stone cold /
Statement of responsibility, etc by David Baldacci
260 ## - PUBLICATION, DISTRIBUTION, ETC. (IMPRINT)
Place of publication, distribution, etc London :
Name of publisher, distributor, etc Macmillan
Date of publication, distribution, etc 2007
300 ## - PHYSICAL DESCRIPTION
Extent 388p.
Dimensions 23cm (pbk)
942 ## - ADDED ENTRY ELEMENTS (KOHA)
Source of classification or shelving scheme Dewey Decimal Classification
Item type English Books
Call number suffix BAL
Classification part N
Holdings
Withdrawn status Lost status Source of classification or shelving scheme Damaged status Not for loan Collection code Home library Current library Date acquired Source of acquisition Cost, normal purchase price Total Checkouts Full call number Barcode Date last seen Copy number Cost, replacement price Koha item type Total Renewals
    Dewey Decimal Classification     Non-fiction Central Library Central Library 05/11/2008 Super/44098/26.5.08 /94 /16.5.08 /5.6.08 503.00   N BAL B-269616 05/11/2008 1 503.00 English Books  
    Dewey Decimal Classification     Non-fiction Karol Bagh Karol Bagh 05/11/2008   503.00   N BAL B-269619 05/11/2008 1 503.00 English Books  
    Dewey Decimal Classification     Non-fiction Patel Nagar Patel Nagar 05/11/2008   503.00   N BAL B-269617 05/11/2008 1 503.00 English Books  
    Dewey Decimal Classification     Non-fiction Sarojini Nagar Sarojini Nagar 05/11/2008   503.00   N BAL B-269618 05/11/2008 1 503.00 English Books  
    Dewey Decimal Classification     Non-fiction Shahdara Branch Shahdara Branch 05/11/2008   503.00   N BAL B-269620 05/11/2008 1 503.00 English Books  
    Dewey Decimal Classification     Non-fiction Vinoba Puri Vinoba Puri 17/11/2008 Super/44931/30.7.08/170/21.7.08/13.8.08 266.10 20 N BAL B-284181 20/07/2018 1 266.10 English Books 1

© Delhi Public Library
Hit Counter
free hit counter